| 000 | 00607nam a2200217Ia 4500 | ||
|---|---|---|---|
| 008 | 160418s9999 xx 000 0 und d | ||
| 050 | _aFIL GV 1743 | ||
| 050 | _b.F67 1967 | ||
| 245 | _aForeign folk dances / | ||
| 245 | _b0 | ||
| 245 | _ccompiled and arranged by Francisca Reyes Aquino. | ||
| 260 | _aManila : | ||
| 260 | _b[s.n.] : | ||
| 260 | _c1969 | ||
| 300 | _a99 pages : | ||
| 300 | _billustrations ; | ||
| 300 | _c27 cm. | ||
| 500 | _aIncludes bibliographical references and index. | ||
| 650 | _aFolk dancing -- Foreign. | ||
| 650 | _xFolk dancing -- Study and teaching -- Foreign. | ||
| 999 |
_c293369 _d293369 |
||